| 000 | 00779nam a2200241Ia 4500 | ||
|---|---|---|---|
| 003 | OSt | ||
| 005 | 20230921154206.0 | ||
| 008 | 210716s2012 xx 000 0 und d | ||
| 020 | _a9780199895178 | ||
| 040 | _cAIMIT LIBRARY | ||
| 041 | _aeng | ||
| 082 |
_a374.22 _21 _bAUEP |
||
| 100 |
_aAuerswald, Philip. _9134403 |
||
| 245 |
_aComing prosperity : _bhow entrepreneurs are transforming the global economy / _cBy Philip Auerswald. |
||
| 250 | _a1st ed. | ||
| 260 |
_aNew York : _bOxford University Press , _c2012 . |
||
| 300 |
_aviii,272p. ; _bHB _c23.7 cm |
||
| 650 |
_aGeneral Management _9134404 |
||
| 651 |
_aStrength in numbers _9134405 |
||
| 651 |
_aThe animating element _9134406 |
||
| 651 |
_aParticipatory prosperity _9134407 |
||
| 942 |
_2ddc _cBK _e1st _k374.22 AUEP |
||
| 999 |
_c208772 _d208772 |
||